Statistics for Countries with the Closest Population Number to Angola

Click here to take the quiz!

General Stats

  • This quiz has been taken 13 times
  • The average score is 16 of 20

Answer Stats

HintAnswer% Correct
34,049,000Peru
100%
45,000,000Argentina
92%
33,475,000Ghana
92%
37,000,000Morocco
92%
39,857,000Poland
92%
28,301,000Venezuela
92%
44,903,000Algeria
85%
38,000,000Canada
85%
44,496,000Iraq
85%
39,701,000Ukraine
85%
41,000,000Afghanistan
77%
36,000,000Saudi Arabia
77%
46,000,000Sudan
77%
28,160,000Ivory Coast
69%
32,000,000Mozambique
69%
29,000,000MAdagascar
62%
33,998,000Malaysia
62%
30,000,000Nepal
62%
34,627,000Uzbekistan
54%
33,696,000Yemen
54%

Score Distribution

Percentile by Number Answered

Percent of People with Each Score

Your Score History

You have not taken this quiz